Major Football Tournaments Hosted by Each Country - Statistics

General Stats
  • This quiz has been taken 22 times
  • The average score is 142 of 162
Answer Stats
Cup Year Country % Correct
AFCON 1990 Algeria
100%
World Cup 1978 Argentina
100%
Copa América 1916 Argentina
100%
Copa América 1921 Argentina
100%
Copa América 1925 Argentina
100%
Copa América 1929 Argentina
100%
Copa América 1937 Argentina
100%
Copa América 1946 Argentina
100%
Copa América 1959 Argentina
100%
Copa América 1987 Argentina
100%
Copa América 2011 Argentina
100%
World Cup 1950 Brazil
100%
World Cup 2014 Brazil
100%
Copa América 1919 Brazil
100%
Copa América 1922 Brazil
100%
Copa América 1949 Brazil
100%
Copa América 1989 Brazil
100%
Copa América 2019 Brazil
100%
Copa América 2021 Brazil
100%
World Cup 1962 Chile
100%
Copa América 1920 Chile
100%
Copa América 1926 Chile
100%
Copa América 1941 Chile
100%
Copa América 1945 Chile
100%
Copa América 1955 Chile
100%
Copa América 1991 Chile
100%
Copa América 2015 Chile
100%
Asian Cup 2004 China
100%
Copa América 2001 Colombia
100%
AFCON 1974 Egypt
100%
AFCON 1986 Egypt
100%
AFCON 2006 Egypt
100%
AFCON 2019 Egypt
100%
World Cup 1966 England
100%
European Championship 1996 England
100%
European Championship 2028 England | Ireland | Scotland | Wales
100%
European Championship 2020 England | Italy | Germany + 8 others
100%
World Cup 1938 France
100%
World Cup 1998 France
100%
European Championship 1960 France
100%
European Championship 1984 France
100%
European Championship 2016 France
100%
World Cup 2006 Germany
100%
European Championship 2024 Germany
100%
AFCON 2000 Ghana | Nigeria
100%
World Cup 1934 Italy
100%
World Cup 1990 Italy
100%
European Championship 1968 Italy
100%
European Championship 1980 Italy
100%
European Championship 2032 Italy | Turkey
100%
Asian Cup 1992 Japan
100%
World Cup 2002 Japan | South Korea
100%
World Cup 1970 Mexico
100%
World Cup 1986 Mexico
100%
World Cup 2022 Qatar
100%
Asian Cup 1988 Qatar
100%
Asian Cup 2011 Qatar
100%
Asian Cup 2023 Qatar
100%
World Cup 2018 Russia
100%
World Cup 2010 South Africa
100%
AFCON 1996 South Africa
100%
AFCON 2013 South Africa
100%
World Cup 2030 Spain | Portugal | Morocco
100%
World Cup 1958 Sweden
100%
European Championship 1992 Sweden
100%
World Cup 1994 United States
100%
Copa América 2016 United States
100%
Copa América 2024 United States
100%
Gold Cup 1991 United States
100%
Gold Cup 1996 United States
100%
Gold Cup 1998 United States
100%
Gold Cup 2000 United States
100%
Gold Cup 2002 United States
100%
Gold Cup 2005 United States
100%
Gold Cup 2007 United States
100%
Gold Cup 2009 United States
100%
Gold Cup 2011 United States
100%
Gold Cup 2013 United States
100%
Gold Cup 2017 United States
100%
Gold Cup 2021 United States
100%
Gold Cup 2015 United States | Canada
100%
Gold Cup 2023 United States | Canada
100%
Gold Cup 2025 United States | Canada
100%
Gold Cup 2019 United States | Costa Rica | Jamaica
100%
Gold Cup 1993 United States | Mexico
100%
Gold Cup 2003 United States | Mexico
100%
World Cup 2026 United States | Mexico | Canada
100%
World Cup 1930 Uruguay
100%
Copa América 1917 Uruguay
100%
Copa América 1923 Uruguay
100%
Copa América 1924 Uruguay
100%
Copa América 1942 Uruguay
100%
Copa América 1956 Uruguay
100%
Copa América 1967 Uruguay
100%
Copa América 1995 Uruguay
100%
Asian Cup 2015 Australia
92%
AFCON 1963 Ghana
92%
AFCON 1978 Ghana
92%
AFCON 2008 Ghana
92%
Asian Cup 2007 Indonesia | Malaysia | Thailand | Vietnam
92%
World Cup 2034 Saudi Arabia
92%
Asian Cup 2027 Saudi Arabia
92%
World Cup 1982 Spain
92%
European Championship 1964 Spain
92%
AFCON 1957 Sudan
92%
AFCON 1970 Sudan
92%
AFCON 1965 Tunisia
92%
AFCON 1994 Tunisia
92%
AFCON 2004 Tunisia
92%
Copa América 2007 Venezuela
92%
European Championship 2008 Austria | Switzerland
83%
Copa América 1947 Ecuador
83%
Copa América 1959 Ecuador
83%
Copa América 1993 Ecuador
83%
AFCON 2027 Kenya | Tanzania | Uganda
83%
AFCON 1988 Morocco
83%
AFCON 2025 Morocco
83%
AFCON 1980 Nigeria
83%
Copa América 1999 Paraguay
83%
Copa América 1927 Peru
83%
Copa América 1935 Peru
83%
Copa América 1939 Peru
83%
Copa América 1953 Peru
83%
Copa América 1957 Peru
83%
Copa América 2004 Peru
83%
European Championship 2012 Poland | Ukraine
83%
European Championship 2004 Portugal
83%
AFCON 1992 Senegal
83%
Asian Cup 1960 South Korea
83%
European Championship 1972 Belgium
75%
European Championship 2000 Belgium | Netherlands
75%
Copa América 1963 Bolivia
75%
Copa América 1997 Bolivia
75%
Asian Cup 1968 Iran
75%
Asian Cup 1976 Iran
75%
World Cup 1954 Switzerland
75%
AFCON 1972 Cameroon
67%
AFCON 2021 Cameroon
67%
AFCON 2010 Angola
58%
AFCON 1962 Ethiopia
58%
AFCON 1968 Ethiopia
58%
AFCON 1976 Ethiopia
58%
AFCON 1984 Ivory Coast
58%
AFCON 2023 Ivory Coast
58%
AFCON 2002 Mali
58%
Asian Cup 1972 Thailand
58%
Asian Cup 1996 United Arab Emirates
58%
Asian Cup 2019 United Arab Emirates
58%
World Cup 1974 West Germany
58%
European Championship 1988 West Germany
58%
Asian Cup 1964 Israel
50%
AFCON 1982 Libya
50%
European Championship 1976 Yugoslavia
50%
AFCON 2017 Gabon
42%
AFCON 2012 Gabon | Equatorial Guinea
42%
Asian Cup 2000 Lebanon
42%
Asian Cup 1980 Kuwait
33%
Asian Cup 1984 Singapore
33%
AFCON 1998 Burkina Faso
25%
Asian Cup 1956 Hong Kong
17%
AFCON 2015 Equatorial Guinea
8%
AFCON 1959 United Arab Republic
0%
No matching quizzes found
Score Distribution
Percent of People with Each Score
Percentile by Number Answered
Your Score History
You have not taken this quiz